| 000 | 00365 a2200169 4500 | ||
|---|---|---|---|
| 001 | 195117 | ||
| 020 | _a85-7160-223-9 | ||
| 040 | _cMagnum | ||
| 100 | _aCosta, José Mauro da | ||
| 240 | 1 | 0 |
_aOuvindo estrelas _lpor |
| 245 | 1 | 0 | _aOuvindo estrelas |
| 300 | _a118 | ||
| 362 | 0 | _a2003 | |
| 440 | 1 | _aMazza Edições | |
| 697 | _aLITERATURA JUVENIL | ||
| 942 | _cBK | ||
| 999 |
_c195117 _d195117 |
||